00446nam a2200169Ia 450000500170000000800410001702000220005804000190008004100120009908200110011110000200012224500480014226000410019030000120023165000230024385000100026620230722120805.0131103s9999 xx 000 0 und d a6169326cGBP:2.96 aLoreto College aEnglish aFbCHR aChristie,Agatha aHercule Poirot's ChristmascAgatha Christie aGreat BritainbFontana/Collinsc1938 a219 p.  aFiction in English aLCLIB